Statistiques concernant Focus sur: Tom Jedusor Sr. - Harry Potter

Cliquez ici pour prendre le quiz!

Statistiques générales

  • Ce quiz a été pris 103 fois
  • Le résultat moyen est 4 sur 7

Statistiques - réponses

Informations recherchéesRéponses% Correct
Surnom du filsLord Voldemort
89%
FilsTom Elvis Jedusor
86%
Première mentionHarry Potter et la Chambre des Secrets
85%
Statut du sangMoldu
83%
EpouseMerope Gaunt
70%
PèreThomas Jedusor
15%
MèreMary Jedusor
13%

Distribution des résultats

Percentile par nombre de réponses

% des personnes avec chaque résultat

Votre développement - résultats

Vous n’avez pas pris ce quiz